Países pela Imagem de Satélite #1 - Statistics

Estatísticas Gerais
  • Esse quiz foi jogado 39 vezes
  • A pontuação média é 9 de 16
Estatísticas das Respostas
Imagem Resposta % Correto
Italia
100%
Australia
94%
Brasil
89%
China
86%
Reino Unido
80%
França
77%
Islandia
77%
Portugal
74%
Panama
66%
Bahamas
46%
Malasia
31%
Tunisia
31%
Fiji
29%
Emirados Arabes Unidos
23%
Cabo verde
20%
Tanzania
14%
Nenhum quiz correspondente encontrado
Distribuição das Pontuações
Porcentagem de Pessoas com Cada Pontuação
Percentil de Números Respondidos
Sua Pontuação Histórica
Você não jogou esse quiz